Brief Narrative of Recent Events in Persia Followed By a Trasl.Of Four Pill (Record no. 1835)

MARC details
000 -LEADER
fixed length control field 00623nam a2200241 a 4500
020 ## - INTERNATIONAL STANDARD BOOK NUMBER
ISBN
082 00 - DEWEY DECIMAL CLASSIFICATION NUMBER
Classification number 955.03
Author Cutter BRO
100 ## - MAIN ENTRY--AUTHOR NAME
Author name Browne, Edward G
245 ## - TITLE STATEMENT
Title Brief Narrative of Recent Events in Persia Followed By a Trasl.Of Four Pill
260 ## - PUBLICATION, DISTRIBUTION, ETC. (IMPRINT)
Place of publication London
Name of publisher Luzac and Co.
Year of publication 1909
300 ## - PHYSICAL DESCRIPTION
Number of Pages 101p
500 ## - GENERAL NOTE
General note includes index and biblioraphy
505 2# - FORMATTED CONTENTS NOTE
Formatted contents note Ill, Index
650 ## - SUBJECT ADDED ENTRY--TOPICAL TERM
Topical Term Iran-History
942 ## - ADDED ENTRY ELEMENTS (KOHA)
Koha item type Books
700 1# -
-- Browne, Edward G
Holdings
Collection code Home library Current library Date acquired Cost, normal purchase price Full call number Accession Number Koha item type
  Henry Martyn Institute Library Henry Martyn Institute Library 05/29/2007 100.00 955.03 BRO 00424 Books
                   Copyright © 2026 | Henry Martyn Institute | Hyderabad | TS-500052 | INDIA | Implemented by hmi.edu.in
Hit-Count:

Powered by Koha